000 00792nam a2200277 4500
003 OSt
005 20260601193526.0
008 260508b2006 |||o|||| |||| 00| 0 eng d
020 _a9788425222252
040 _aICI
_bspa
_cICI
050 _aZ246
_bD57
100 1 _aGodfrey, Jason
_935814
245 1 _aDiseño de Catálogos y Folletos 5
264 _bGustavo Gili
_c2006
_aChina
300 _a240 páginas
336 _atexto
_2rdacontent
337 _asin medio
_2rdamedia
338 _avolumen
_2rdacarrier
650 _aCatálogos comerciales
_xDiseño
_935815
650 _aFolletos
_xDiseño
_935816
650 _aDiseño gráfico
_935817
650 _aComunicación visual
_935818
650 _aPublicidad impresa
_935819
650 _aArtes gráficas
_935820
942 _2lcc
_cB
_n1
999 _c21198
_d21198